[Event "19th Open"]
[Site "Kavala GRE"]
[Date "2010.08.05"]
[Round "7"]
[White "Rychagov,A"]
[Black "Bakre,T"]
[Result "1/2-1/2"]
[WhiteElo "2538"]
[BlackElo "2509"]

1.d4 Nf6 2.c4 e6 3.Nf3 d5 4.Nc3 Be7 5.Bf4 O-O 6.e3 Nbd7 7.c5 Nh5 8.Bd3 Nxf4
9.exf4 b6 10.b4 a5 11.a3 c6 12.O-O Qc7 13.g3 Ba6 14.Bxa6 Rxa6 15.Qe2 Ra7
16.Rab1 axb4 17.axb4 Bf6 18.Rb3  1/2-1/2

[Event "97th ch-GBR"]
[Site "Canterbury ENG"]
[Date "2010.08.06"]
[Round "11"]
[White "Williams,Pe"]
[Black "Tambini,J"]
[Result "1-0"]
[WhiteElo "2145"]
[BlackElo "1890"]

1.d4 d5 2.c4 e6 3.Nc3 Nf6 4.Nf3 Be7 5.Bf4 O-O 6.e3 Nbd7 7.c5 c6 8.Bd3 h6
9.h3 b5 10.a3 a5 11.O-O Ba6 12.Qc2 Re8 13.Bh2 Qc8 14.Qe2 Qb7 15.Rfe1 Bd8
16.b4 a4 17.Red1 Qc8 18.Re1 Qb7 19.e4 dxe4 20.Nxe4 Nxe4 21.Bxe4 Nf6 22.Bc2 Nd5
23.Nd2 f5 24.Bxf5 Bf6 25.Bxe6+ Kh8 26.Qg4 Qe7 27.Bd6 Qd8 28.Bd7 Bc8 29.Bxc8 Rxc8
30.Be5 Rf8 31.Nf3 Kg8 32.Qe6+ Kh8 33.Qg4 Kg8 34.Rad1 Kh8 35.Nh4 Kg8 36.Ng6 Rf7
37.Qe6 Qd7 38.Bxf6 Nxf6 39.Qxd7 Rxd7 40.Ne7+ Rxe7 41.Rxe7 Nd5 42.Re6 Nc3
43.Rde1 Kf7 44.Rd6 Rc7 45.Ree6 Nb1 46.Rxc6 Nxa3 47.d5 Ra7 48.Ra6 Rd7 49.Rad6 Ra7
50.c6 Nc4 51.Rd7+ Rxd7 52.cxd7 a3 53.d8=Q a2 54.Qe8+  1-0

[Event "Politiken Cup"]
[Site "Copenhagen DEN"]
[Date "2010.08.06"]
[Round "8"]
[White "Mchedlishvili,M"]
[Black "Schandorff,L"]
[Result "1/2-1/2"]
[WhiteElo "2625"]
[BlackElo "2491"]

1.Nf3 Nf6 2.c4 e6 3.d4 d5 4.Nc3 Be7 5.Bf4 O-O 6.a3 b6 7.cxd5 Nxd5 8.Nxd5 exd5
9.e3 c5 10.Bd3 Nc6 11.Rc1 c4 12.Bb1 Be6 13.O-O f5 14.Ne5  1/2-1/2

[Event "Politiken Cup"]
[Site "Copenhagen DEN"]
[Date "2010.08.07"]
[Round "9"]
[White "Cmilyte,V"]
[Black "Jepson,C"]
[Result "1/2-1/2"]
[WhiteElo "2527"]
[BlackElo "2394"]

1.Nf3 Nf6 2.c4 e6 3.Nc3 d5 4.d4 Be7 5.Bf4 O-O 6.e3 c5 7.dxc5 Bxc5 8.a3 Nc6
9.Qc2 Qa5 10.O-O-O Rd8 11.h4 a6 12.Nd2 Be7 13.Nb3 Qb6 14.c5 Qa7 15.Bc7 Re8
16.Na4 Bd8 17.Bxd8 Rxd8 18.Nb6 Rb8 19.g4 Nd7 20.Nxd7 Bxd7 21.Bd3 Rdc8 22.Bxh7+ Kf8
23.Qc3 b6 24.Kb1 Na5 25.Nxa5 Rxc5 26.Qe5 bxa5 27.Qd6+ Ke8 28.Rc1 Rbc8 29.Rxc5 Qxc5
30.Qxc5 Rxc5 31.h5 Kf8 32.Bd3 Bb5 33.Bc2 f6 34.f4 Be2 35.g5 Bf3 36.Rh2 e5
37.h6 gxh6 38.Rxh6 fxg5 39.fxg5 Be2 40.Bf5 e4 41.Rh8+ Kg7 42.Rh7+ Kf8 43.g6 Bd3+
44.Ka2 Rc6 45.Rf7+ Kg8 46.Re7 a4 47.g7 Bc4+ 48.Kb1 Bd3+ 49.Ka2 Bc4+ 50.Kb1 Bd3+  1/2-1/2

[Event "19th Open"]
[Site "Kavala GRE"]
[Date "2010.08.07"]
[Round "9"]
[White "Nikolov,Mo"]
[Black "Prasanna,Ra"]
[Result "1-0"]
[WhiteElo "2552"]
[BlackElo "2373"]

1.d4 Nf6 2.c4 e6 3.Nc3 d5 4.Nf3 Be7 5.Bf4 O-O 6.e3 Nbd7 7.Rc1 c6 8.h3 b6
9.cxd5 exd5 10.Be2 Bb7 11.O-O c5 12.dxc5 bxc5 13.Ne5 Nb6 14.Bf3 Nfd7 15.Qc2 Nxe5
16.Bxe5 Bf6 17.Bg3 Bxc3 18.Qxc3 d4 19.exd4 cxd4 20.Qd3 Bxf3 21.Qxf3 Rc8 22.Rcd1 Rc5
23.Qa3 Qd5 24.Qxa7 Rc6 25.Qb7 Rfc8 26.Rfe1 h6 27.b3 d3 28.Kh2 Qd4 29.Re3 d2
30.Be5 Qb4 31.Rg3 g6 32.Rf3 f6 33.Bf4 g5 34.Bg3 Qd4 35.Re3 Nd5 36.Re2 R6c7
37.Bxc7 Rxc7 38.Qa8+ Kg7 39.Rdxd2  1-0

[Event "GRENKE Rapid WCh"]
[Site "Mainz GER"]
[Date "2010.08.08"]
[Round "6"]
[White "Kempinski,R"]
[Black "Bologan,V"]
[Result "0-1"]
[WhiteElo "2612"]
[BlackElo "2695"]

1.d4 Nf6 2.c4 e6 3.Nf3 d5 4.Nc3 Be7 5.Bf4 O-O 6.e3 Nbd7 7.Be2 dxc4 8.Bxc4 a6
9.a4 c5 10.O-O cxd4 11.exd4 Nb6 12.Bb3 Nbd5 13.Bg3 b6 14.Nxd5 Nxd5 15.Rc1 Bb7
16.Ne5 Rc8 17.Qd3 Nb4 18.Qd2 Bd5 19.Rxc8 Qxc8 20.Bxd5 Nxd5 21.Rc1 Qb7 22.Qc2 Rd8
23.h4 Bf8 24.Nf3 h6 25.Qc6 Qxc6 26.Rxc6 Be7 27.Kf1 Kf8 28.Ke2 h5 29.a5 bxa5
30.Rxa6 Bb4 31.Ne5 Ne7 32.f3 f6 33.Nd3 Nf5 34.Bf2 Nxd4+ 35.Bxd4 Rxd4 36.Rxe6 Rxh4
37.Rb6 Rc4 38.g3 Kf7 39.Rb7+ Kg6 40.Rb5 Kh6 41.f4 Kg6 42.Kf3 Rc2 43.Rb6 Be7
44.Rb7 Bd8 45.Rb5 Bc7 46.Rc5 Rxc5 47.Nxc5 Kf5 48.b3 g5 49.fxg5 fxg5 50.Ne4 g4+
51.Ke3 Bb6+ 52.Kd3 Ke5 53.Nc3 Bd4 54.Ne2 Bf2 55.Nf4 Bxg3 56.Nxh5 Bf4 57.Kc4 Kf5
58.Ng7+ Ke4 59.Nh5 Be5 60.b4 axb4 61.Kxb4 Kf5  0-1

[Event "Bicentenario GM"]
[Site "Villa Martelli ARG"]
[Date "2010.08.08"]
[Round "5"]
[White "Leitao,R"]
[Black "Valerga,D"]
[Result "1/2-1/2"]
[WhiteElo "2629"]
[BlackElo "2506"]

1.d4 d5 2.c4 e6 3.Nf3 Nf6 4.Nc3 Be7 5.Bf4 O-O 6.e3 Nbd7 7.a3 c5 8.cxd5 Nxd5
9.Nxd5 exd5 10.dxc5 Nxc5 11.Be2 Bf6 12.Be5 Bg4 13.Bxf6 Qxf6 14.Qd4 Qxd4 15.Nxd4 Bxe2
16.Kxe2 Rfc8 17.Rhc1 Ne6 18.Nxe6 fxe6 19.Kd3 Kf7 20.Kd4 Ke7 21.Ke5 Rc4 22.Rxc4 dxc4
23.Rc1 b5 24.b3 Rf8 25.bxc4 Rf5+ 26.Ke4 bxc4 27.f4 Ra5 28.Rc3 h5 29.g3 Kf6
30.h3 e5 31.fxe5+ Rxe5+ 32.Kd4 Rg5 33.e4 Ke6 34.a4 Kd6 35.h4 Rg4 36.Rf3 g5
37.hxg5 Rxg5 38.Kxc4 Ke5 39.Kd3 Ke6 40.Kd4 Ra5 41.Ra3 Kd6 42.Ra1 Ke6 43.Ke3 Ke5
44.Rh1 Rxa4 45.Rxh5+ Kf6 46.Kf4 Ra1 47.Rf5+ Ke6 48.g4 a5 49.Kg5 a4 50.Ra5 a3
51.Kg6 a2 52.g5 Kd6 53.Rd5+ Ke6 54.Rd2 Ke5 55.Re2 Kd6 56.Rh2 Ke7 57.Kh6 Kf7
58.g6+ Kg8 59.e5 Re1 60.Rxa2 Rh1+ 61.Kg5 Rg1+ 62.Kf6 Rf1+ 63.Ke7 Kg7 64.e6 Rb1
65.Rg2 Ra1 66.Kd7 Ra7+ 67.Kd6 Ra6+ 68.Kd5 Ra5+ 69.Kc6 Ra6+ 70.Kd7 Ra7+ 71.Kd8 Ra8+
72.Kc7 Ra7+ 73.Kd6 Ra6+ 74.Kd7  1/2-1/2

[Event "ch-CRC"]
[Site "San Jose CRC"]
[Date "2010.08.09"]
[Round "13"]
[White "Murillo,Alex"]
[Black "Maynard,F"]
[Result "1/2-1/2"]
[WhiteElo "2286"]
[BlackElo "2202"]

1.d4 d5 2.c4 e6 3.Nc3 Nf6 4.Nf3 Be7 5.Bf4 O-O 6.e3 c5 7.dxc5 Qa5 8.Be2 Rd8
9.Qb3 Nc6 10.O-O dxc4 11.Qxc4 Qxc5 12.Qxc5 Bxc5 13.Rfd1 Bd7 14.Rac1 Be7 15.Kf1 Be8
16.a3 Rac8 17.Nb5 Nd5 18.Bg3 a6 19.Nbd4 Nxd4 20.Nxd4 Ba4 21.Re1 Bf6 22.Bf3 Bxd4
23.exd4 Bb3 24.Be2 Ne7 25.Rc3 Rxc3 26.bxc3 Rc8 27.Rc1 b5 28.Ke1 Bc4 29.Bd1 Nd5
30.a4 bxa4 31.Bxa4 Bb5 32.Bxb5 axb5 33.Kd2 Rc6 34.Ra1 f6 35.Ra3 Kf7 36.Bb8 b4
37.cxb4 Nxb4 38.Rb3 Rc2+ 39.Ke3 Nd5+ 40.Kf3 g5 41.Bd6 h5 42.h3 Kg6 43.g3 Nc3
44.Bc5  1/2-1/2

[Event "GM1 Valoz Cup"]
[Site "Olomouc CZE"]
[Date "2010.08.11"]
[Round "8"]
[White "Akesson,R"]
[Black "Rojicek,V"]
[Result "1/2-1/2"]
[WhiteElo "2470"]
[BlackElo "2423"]

1.d4 d5 2.c4 e6 3.Nc3 Be7 4.Nf3 Nf6 5.Bf4 O-O 6.e3 Nbd7 7.c5 c6 8.h3 b6 9.b4 a5
10.a3 Bb7 11.Bd3 Qc8 12.O-O Ba6  1/2-1/2

[Event "85th ch-FRA"]
[Site "Belfort FRA"]
[Date "2010.08.13"]
[Round "5"]
[White "Cornette,M"]
[Black "Bricard,E"]
[Result "1/2-1/2"]
[WhiteElo "2543"]
[BlackElo "2478"]

1.d4 d5 2.Nf3 e6 3.c4 Be7 4.Nc3 Nf6 5.Bf4 O-O 6.a3 b6 7.e3 Bb7 8.Bd3 dxc4
9.Bxc4 Nbd7 10.O-O a6 11.b4 c5 12.bxc5  1/2-1/2

[Event "XI Miquel Mas Open"]
[Site "Figueres ESP"]
[Date "2010.08.14"]
[Round "5"]
[White "Barria Zuniga,D"]
[Black "Corrales Jimenez,F"]
[Result "1-0"]
[WhiteElo "2419"]
[BlackElo "2574"]

1.d4 Nf6 2.c4 e6 3.Nf3 d5 4.Nc3 Be7 5.Bf4 O-O 6.e3 c5 7.dxc5 Bxc5 8.a3 Nc6
9.Qc2 Qa5 10.Rd1 Be7 11.Be2 a6 12.Nd2 e5 13.Bg5 dxc4 14.Nxc4 Qc5 15.Bxf6 Bxf6
16.Ne4 Qe7 17.Nb6 Rb8 18.Nd5 Qe6 19.Ndxf6+ gxf6 20.Rd6 Qf5 21.Rxf6 Qd7 22.Rd6 Qf5
23.g4  1-0

[Event "XI Miquel Mas Open"]
[Site "Figueres ESP"]
[Date "2010.08.14"]
[Round "5"]
[White "Pinsach Gelabert,A"]
[Black "Vidal Zamora,C"]
[Result "1-0"]
[WhiteElo "1735"]
[BlackElo "1677"]

1.d4 d5 2.c4 e6 3.Nc3 Nf6 4.Nf3 Be7 5.Bf4 Nbd7 6.e3 b6 7.Nb5 O-O 8.Bxc7 Bb4+
9.Nd2 Qe7 10.a3 Bxd2+ 11.Qxd2 Ne4 12.Qc2 a6 13.cxd5 exd5 14.Nc3 Ndf6 15.Nxe4 Nxe4
16.Bxb6 Bf5 17.Bc5 Nxc5 18.Qxf5 Nb3 19.Rd1 Rfd8 20.Bd3 g6 21.Qe5 Qb7 22.O-O Na5
23.b4 Nc6 24.Qf4 Na7 25.Rc1 Nb5 26.Bxb5 Qxb5 27.Rc7 Rd7 28.Rfc1 Rad8 29.Rxd7 Rxd7
30.Rc8+ Kg7 31.Qe5+ f6 32.Qe8 Kh6 33.Qf8+ Kg5 34.h4+ Kxh4 35.Qh6+ Kg4 36.Qh3+  1-0

[Event "9th Mario Covas Jr"]
[Site "Santos BRA"]
[Date "2010.08.14"]
[Round "3"]
[White "Fier,A"]
[Black "Bachmann,Ax"]
[Result "1/2-1/2"]
[WhiteElo "2604"]
[BlackElo "2559"]

1.d4 Nf6 2.c4 e6 3.Nf3 d5 4.Nc3 Be7 5.Bf4 O-O 6.e3 c6 7.h3 Nbd7 8.Bd3 b6
9.O-O Bb7 10.Qe2 dxc4 11.Bxc4 b5 12.Bb3 b4 13.Na4 c5 14.dxc5 Nxc5 15.Rfd1 Qa5
16.Nxc5 Bxc5 17.Ne5 Be7 18.Rac1 Rac8 19.Bc4 Rfd8 20.Rxd8+ Qxd8 21.Rd1 Qa5
22.b3 Rd8 23.Rxd8+ Qxd8 24.Nd3 Nd5 25.Be5 Nb6 26.Nf4 Nxc4 27.Qxc4 g5 28.Nd3 Qd5
29.Qxd5 Bxd5 30.f3 Bc6 31.Kf2 Bb5 32.Ke2 Bd8 33.e4 a5 34.Ke3 f6 35.Bd6  1/2-1/2

[Event "Negroponte Open"]
[Site "Chalkis GRE"]
[Date "2010.08.17"]
[Round "9"]
[White "Neverov,V"]
[Black "Charkhalashvili,I"]
[Result "1/2-1/2"]
[WhiteElo "2544"]
[BlackElo "2346"]

1.d4 d5 2.c4 e6 3.Nc3 Be7 4.Nf3 Nf6 5.Bf4 O-O 6.e3 dxc4 7.Bxc4 a6 8.O-O b5
9.Bd3 Bb7 10.Qc2 Nbd7 11.a4 b4 12.Ne4 c5 13.Nxf6+ Nxf6 14.dxc5 Qd5 15.c6 Qxc6
16.Qxc6 Bxc6 17.Rfc1 Rfc8 18.Ne5 Bb7 19.Nc4 Bc5 20.Be2 a5 21.Nd6 Bxd6 22.Bxd6 Ne4
23.Be5 Nc5 24.Bb5 Bd5 25.f3 f5 26.Bd6 Nb3 27.Rxc8+ Rxc8 28.Rd1 Rc2 29.Be5 Nc5
30.h4 g6 31.Rf1 Bb3 32.Kh2 Kf7 33.Ra1 Bd5 34.Kg3 Ke7 35.Rd1 Nd7 36.Bxd7 Kxd7
37.e4 fxe4 38.fxe4 Re2 39.exd5 Rxe5 40.dxe6+ Kxe6 41.Rd8  1/2-1/2

[Event "BDO Challengers"]
[Site "Haarlem NED"]
[Date "2010.08.21"]
[Round "1"]
[White "Manea,Al"]
[Black "Rej,T"]
[Result "1-0"]
[WhiteElo "2390"]
[BlackElo "2334"]

1.d4 Nf6 2.c4 e6 3.Nf3 d5 4.Nc3 Be7 5.Bf4 O-O 6.e3 c5 7.dxc5 Bxc5 8.a3 Nc6
9.b4 Bd6 10.Bxd6 Qxd6 11.Be2 Rd8 12.O-O b6 13.cxd5 Nxd5 14.Nxd5 Qxd5 15.Qxd5 Rxd5
16.Rfd1 Bb7 17.Rxd5 exd5 18.Rc1 Rc8 19.Kf1 Ne7 20.Rxc8+ Bxc8 21.Nd4 Bd7 22.Ke1 Nf5
23.Nb5 Bxb5 24.Bxb5 Kf8 25.Bd3 Nh4 26.g3 Nf3+ 27.Ke2 Ne5 28.Bc2 Ke7 29.h3 h6
30.Bb3 Kd6 31.f4 Nc4 32.a4 a5 33.Kd3 Na3 34.bxa5 bxa5 35.Kd4 f6 36.h4 g6
37.g4 g5 38.fxg5 fxg5 39.h5 Nb1 40.Bxd5 Nd2 41.Bg2 Nb3+ 42.Kc4 Nc5 43.Kb5 Nb3
44.Be4 Nd2 45.Bd3 Nb3 46.Be2 Ke5 47.Bd1 Nd2 48.Kxa5 Nc4+ 49.Kb4 Nxe3 50.Bf3 Kf4
51.Be2 Nd5+ 52.Kb3 Ke3 53.Bb5 Kd4 54.a5 Kc5 55.Be2 Nf4 56.Bc4 Ng2 57.a6 Kb6
58.Kc3 Ne3 59.Be2 Nxg4 60.Bxg4 Kxa6 61.Kd4 Kb6 62.Ke5 Kc7 63.Kf6 Kd8 64.Kf7  1-0

[Event "TCh-SRB 1st League"]
[Site "Vrnjacka Banja SRB"]
[Date "2010.08.21"]
[Round "1"]
[White "Martinovic,Sl"]
[Black "Kosanovic,G"]
[Result "1/2-1/2"]
[WhiteElo "2425"]
[BlackElo "2375"]

1.d4 d5 2.Nf3 Nf6 3.c4 e6 4.Nc3 Be7 5.Bf4 O-O 6.e3 c5 7.dxc5 Qa5 8.Qc2 Nc6
9.a3 Bxc5 10.O-O-O dxc4 11.Bxc4 Be7 12.Ng5 Ne5 13.Bxe5 Qxe5 14.h4 h6 15.Nf3 Qa5
16.e4 b5 17.Bxb5  1/2-1/2

[Event "6th Prospero A Pichay Cup"]
[Site "Manila PHI"]
[Date "2010.08.22"]
[Round "2"]
[White "Gagunashvili,M"]
[Black "De Ramos,Ju"]
[Result "1-0"]
[WhiteElo "2596"]
[BlackElo "2368"]

1.d4 d5 2.c4 e6 3.Nf3 Nf6 4.Nc3 Be7 5.Bf4 O-O 6.e3 Nbd7 7.cxd5 exd5 8.Bd3 c6
9.Qc2 Re8 10.h3 c5 11.dxc5 Nxc5 12.O-O Nxd3 13.Qxd3 a6 14.Rac1 Be6 15.Ne2 Qa5
16.Rc7 Qxa2 17.Rxb7 Qc4 18.Rd1 Ne4 19.Rc7 Qxd3 20.Rxd3 Rac8 21.Nfd4 Rxc7
22.Bxc7 Rc8 23.Be5 Nd6 24.Rb3 Nc4 25.Rb7 Bf8 26.Bg3 Bc5 27.b4 Bf8 28.Nf4 Re8
29.Nc6 Rc8 30.Nd4 Re8 31.Ra7 Bxb4 32.Rxa6 Bd6 33.Rxd6 Nxd6 34.Nfxe6 fxe6
35.Bxd6 e5 36.Nf3 e4 37.Nd4 Kf7 38.g4 Kf6 39.Kg2 h5 40.Kg3 hxg4 41.Kxg4 Rc8
42.h4 Rc1 43.Bg3 g6 44.Ne2 Rc2 45.Nd4 Rc1 46.Kf4 Rc5 47.Nb3 Rc2 48.Nd4 Rc1
49.Ne2 Rc2 50.Ng1 Rc8 51.Nh3 Rc1 52.Kg4 Rc2 53.Bb8 Ra2 54.Bc7 Rb2 55.Bd8+ Kf7
56.Kf4 Ke6 57.Kg5 Kf7 58.Bf6 Rb1 59.Bd4 Rh1 60.Kg4 Rb1 61.Nf4 Rb5 62.Nh3 Rb1
63.Kg3 Rb5 64.Kf4 Rb1 65.Ke5 Rh1 66.Ng5+ Ke7 67.Kxd5 Rxh4 68.Nxe4 Rh3 69.Be5  1-0

[Event "TCh-ESP CECLUB Honor"]
[Site "Sestao ESP"]
[Date "2010.08.23"]
[Round "1"]
[White "Ubilava,E"]
[Black "Del Rio de Angelis,S"]
[Result "1-0"]
[WhiteElo "2528"]
[BlackElo "2521"]

1.d4 e6 2.c4 Nf6 3.Nf3 d5 4.Nc3 Be7 5.Bf4 O-O 6.e3 Nbd7 7.c5 c6 8.Bd3 b6
9.b4 a5 10.a3 Ba6 11.O-O Qc8 12.h3 Qb7 13.Qc2 axb4 14.axb4 Bxd3 15.Qxd3 Rxa1
16.Rxa1 Ra8 17.Rxa8+ Qxa8 18.Qc2 bxc5 19.bxc5 Qa3 20.Nb1 Qa7 21.Nbd2 Bd8
22.Qb1 Ne8 23.Ne5 Nxe5 24.Bxe5 f6 25.Bg3 g6 26.e4 Qd7 27.Qb8 Ba5 28.Nb3 Bc3
29.e5 f5 30.Bh4 Kf7 31.Bd8 Ng7 32.Ba5 Bb2 33.Qb4 Qa7 34.Qd2 Ba3 35.Qa2 Bb4
36.Qa1 Bxa5 37.Qxa5 Qxa5 38.Nxa5 f4 39.Nxc6 Nf5 40.Na7 Ke7 41.c6 Kd8 42.Nb5 Ne7
43.Kf1 Nxc6 44.Ke2 Nb4 45.Na3 Ke7 46.Kf3 Nd3 47.Nc2 Kf7 48.Ke2 Nc1+ 49.Kd2 Nb3+
50.Kc3 Nc1 51.Ne1 Ne2+ 52.Kd3 f3 53.Nxf3 Nf4+ 54.Kd2 Nxg2 55.Ng5+ Ke7 56.Nxh7 Nh4
57.Nf6 Ng2 58.Nh7 Nh4 59.Kd3 Ng2 60.Ng5 Nh4 61.Ke2 Nf5 62.Nf3 Kd7 63.Kd3 Ke7
64.Ne1 Nh4 65.Ke2 Nf5 66.Nc2 Kd7 67.Kf3 Kc6 68.Kf4 Kb5 69.Kg5 Kc4 70.Kf6 Nxd4
71.Nxd4 Kxd4 72.Kxe6 Kc4 73.Kf6 d4 74.e6 d3 75.e7 d2 76.e8=Q d1=Q 77.Qe4+ Kb5
78.Qe5+ Ka4 79.Qf4+ Ka3 80.Kxg6 Qd3+ 81.Qf5 Qd6+ 82.Kg5 Qd8+ 83.Kg4 Ka2 84.Qe6+ Ka1
85.f4 Qd1+ 86.Kg5 Qg1+ 87.Qg4 Qe3 88.Qd1+ Kb2 89.Kg4 Qe6+ 90.Kg3 Qg6+ 91.Qg4 Qd3+
92.Kh2 Ka1 93.Qg1+ Kb2 94.Qf2+ Ka1 95.f5 Qd6+ 96.Kg1 Qf6 97.h4 Kb1 98.Qf4 Ka1
99.Qe4 Qc3 100.Kf1 Qh3+ 101.Ke2 Qh2+ 102.Kd3 Qh3+ 103.Kd4 Qh2 104.Kd5 Qa2+
105.Kd6 Qa6+ 106.Ke7 Qa7+ 107.Kf6 Qb6+ 108.Qe6 Qf2 109.Qe5+ Ka2 110.h5 Qh4+
111.Kg6 Qg4+ 112.Kh6 Kb1 113.f6 Qg8 114.Qe1+ Kb2 115.Qf2+ Ka1 116.f7 Qf8+
117.Kh7 Qe7  1-0

[Event "TCh-SRB 1st League"]
[Site "Vrnjacka Banja SRB"]
[Date "2010.08.25"]
[Round "5"]
[White "Stojanovic,Mih"]
[Black "Todorovic,GN"]
[Result "1-0"]
[WhiteElo "2557"]
[BlackElo "2398"]

1.Nf3 Nf6 2.c4 e6 3.Nc3 d5 4.d4 Be7 5.Bf4 O-O 6.e3 Nbd7 7.c5 c6 8.Bd3 Nh5
9.O-O Nxf4 10.exf4 b6 11.b4 bxc5 12.bxc5 Qa5 13.Qd2 Bd8 14.Rfe1 Ba6 15.Bc2 g6
16.h4 Rb8 17.h5 Rb2 18.Rab1 Rxb1 19.Rxb1 Qc7 20.g3 Bf6 21.Kg2 Rb8 22.Rh1 Bg7
23.Qe3 Nf8 24.hxg6 hxg6 25.Ne5 Nd7 26.Ba4 Nxe5 27.fxe5 Bc8 28.Qd2 Bd7 29.Nd1 Be8
30.Ne3 Qb7 31.Qa5 Qb2 32.Qc7 Qb7 33.Qd6 Qc8 34.Ng4 Qd8 35.Qxd8 Rxd8 36.Rb1 Kf8
37.Rb7 Rd7 38.Rb8 Rc7 39.Nf6 Bxf6 40.exf6 a5 41.f4  1-0

[Event "ch-RUS Higher League"]
[Site "Irkutsk RUS"]
[Date "2010.08.28"]
[Round "3"]
[White "Grigoriants,S RUS"]
[Black "Grachev,B"]
[Result "1/2-1/2"]
[WhiteElo "2564"]
[BlackElo "2668"]

1.d4 d5 2.c4 e6 3.Nc3 Be7 4.Nf3 Nf6 5.Bf4 O-O 6.e3 c5 7.dxc5 Bxc5 8.cxd5 Nxd5
9.Nxd5 exd5 10.a3 Nc6 11.Bd3 Bb6 12.O-O Qf6 13.b4 h6 14.b5 Nd4 15.Nxd4 Bxd4
16.exd4 Qxf4 17.g3 Qd6 18.Re1 Bd7 19.Qd2  1/2-1/2

[Event "Sants Open A"]
[Site "La Bordeta ESP"]
[Date "2010.08.28"]
[Round "9"]
[White "Fier,A"]
[Black "Oms Pallisse,J"]
[Result "1-0"]
[WhiteElo "2570"]
[BlackElo "2494"]

1.c4 e6 2.d4 d5 3.Nc3 Be7 4.Nf3 Nf6 5.Bf4 O-O 6.e3 Nbd7 7.cxd5 Nxd5 8.Nxd5 exd5
9.Bd3 Bb4+ 10.Ke2 Nf6 11.Qc2 Bd6 12.Be5 g6 13.h3 Re8 14.b4 a6 15.a4 Bxe5
16.Nxe5 Ne4 17.b5 axb5 18.axb5 Rxa1 19.Rxa1 f6 20.Nf3 Qd6 21.Rc1 Re7 22.Qa2 Kg7
23.Qa8 Qd8 24.Kf1 Nd6 25.Qb8 Nf7 26.Kg1 b6 27.Ne1 Qd7 28.Nc2 Nd6 29.Nb4 Bb7
30.Na6 Qe8 31.Rxc7 Qxb8 32.Rxe7+ Kf8 33.Nxb8 Kxe7 34.Na6 Ne4 35.Nb4 Kd6 36.Na2 Bc8
37.f3 Ng3 38.Nc3 Bf5 39.e4 dxe4 40.fxe4 Be6 41.Kf2 Nh5 42.Ke3 Ng7 43.Na4 Kc7
44.d5 Bd7 45.Kd4 Ne8 46.e5 fxe5+ 47.Kxe5 Nd6 48.Nc3 g5 49.Bxh7 Nxb5 50.Ne4 g4
51.h4 Be8 52.Nf6  1-0

[Event "ch-RUS Higher League w"]
[Site "St Petersburg RUS"]
[Date "2010.08.28"]
[Round "3"]
[White "Paikidze,N"]
[Black "Manakova,M"]
[Result "1-0"]
[WhiteElo "2346"]
[BlackElo "2306"]

1.Nf3 d5 2.c4 e6 3.d4 Nf6 4.Nc3 Be7 5.Bf4 O-O 6.e3 c5 7.dxc5 Bxc5 8.Qc2 Nc6
9.a3 Qe7 10.Bg5 d4 11.Bxf6 gxf6 12.exd4 Bxd4 13.O-O-O Bxc3 14.Qxc3 e5 15.g4 Kh8
16.h3 Be6 17.Bd3 Rac8 18.Kb1 b5 19.c5 Rb8 20.b4 a5 21.Be4 axb4 22.axb4 Rfc8
23.Kb2 Nxb4 24.Qxb4 Rxc5 25.Qa3 b4 26.Qe3 Rc3 27.Qh6 Rb3+ 28.Kc1 Rc8+ 29.Kd2 f5
30.gxf5 Rd8+ 31.Ke1 Rxd1+ 32.Kxd1 Bxf5 33.Bxf5 f6 34.Nh4 Qg7 35.Ng6+  1-0

[Event "TCh-SRB 1st League"]
[Site "Vrnjacka Banja SRB"]
[Date "2010.08.28"]
[Round "8"]
[White "Rapport,R"]
[Black "Abramovic,B"]
[Result "1-0"]
[WhiteElo "2534"]
[BlackElo "2491"]

1.d4 Nf6 2.c4 e6 3.Nf3 d5 4.Nc3 Be7 5.Bf4 O-O 6.e3 c5 7.dxc5 Bxc5 8.Qc2 Nc6
9.a3 Bd7 10.cxd5 exd5 11.Rd1 Rc8 12.Be2 Qe7 13.O-O Be6 14.Bg5 Rfd8 15.Qa4 a6
16.Bd3 h6 17.Bh4 g5 18.Nxg5 hxg5 19.Bxg5 Kg7 20.Qf4 Rh8 21.e4 Bd4 22.Nxd5 Bxd5
23.exd5 Nxd5 24.Qg3 Be5 25.f4 Qc5+ 26.Kh1 Bf6 27.Bxf6+ Kxf6 28.Qg5+ Ke6 29.Bf5+ Kd6
30.Bxc8 Rxc8 31.b4 Qc4 32.Qf6+ Kd7 33.Qf5+  1-0

[Event "7th Open"]
[Site "Kalamaria GRE"]
[Date "2010.08.29"]
[Round "6"]
[White "Atalik,E"]
[Black "Radulski,J"]
[Result "0-1"]
[WhiteElo "2444"]
[BlackElo "2574"]

1.d4 d5 2.c4 e6 3.Nc3 Be7 4.Nf3 Nf6 5.Bf4 O-O 6.e3 b6 7.Bd3 Bb7 8.cxd5 exd5
9.O-O c5 10.Rc1 c4 11.Bb1 a6 12.Ne5 b5 13.Ne2 Ne4 14.f3 Nd6 15.g4 Qe8 16.g5 Nc6
17.Ng3 g6 18.Ng4 Qd8 19.h4 Bc8 20.Ne5 Nxe5 21.dxe5 Nb7 22.Nh5 Nc5 23.Nf6+ Bxf6
24.exf6 Re8 25.Qd2 Ne6 26.Qh2 Qb6 27.Rfe1 d4 28.exd4 Bb7 29.Be3 Nxd4 30.Qf2 Red8
31.Bxd4 Rxd4 32.Rcd1 Rxd1 33.Qxb6 Rxe1+ 34.Kf2 Rxb1 35.Qxb7 Rxb2+ 36.Kg3 Rf8
37.Qc7 Rd2 38.h5 gxh5 39.Qf4 c3 40.g6 fxg6 41.Qe5 Rd7 42.Qxc3 Rdf7 43.Qb3 Kh8
44.a4 Rxf6  0-1

[Event "1st Fermo Festival"]
[Site "Porto San Giorgio ITA"]
[Date "2010.08.29"]
[Round "9"]
[White "David,Alb"]
[Black "Dervishi,E"]
[Result "1-0"]
[WhiteElo "2622"]
[BlackElo "2557"]

1.d4 Nf6 2.c4 e6 3.Nc3 d5 4.Nf3 Be7 5.Bf4 O-O 6.e3 a6 7.c5 Nc6 8.a3 Nh5 9.Bd3 Nxf4
10.exf4 Bf6 11.Ne2 g6 12.O-O Bg7 13.b4 f6 14.Qb3 e5 15.Be4 Be6 16.dxe5 Bf7
17.e6 dxe4 18.exf7+ Rxf7 19.Rad1 Qe7 20.Nfd4 Nxd4 21.Nxd4 f5 22.c6 bxc6 23.Nxc6 Qe8
24.Qd5 Bf6 25.Rfe1 Kg7 26.f3 Qf8 27.fxe4 fxe4 28.Qxe4 Bc3 29.Rf1 Re8 30.Qd3 Bb2
31.Rf2 Re6 32.Nd8 Rd6 33.Qxd6  1-0

[Event "TCh-SRB 1st League"]
[Site "Vrnjacka Banja SRB"]
[Date "2010.08.29"]
[Round "9"]
[White "Sedlak,N"]
[Black "Pavlovic,Milos"]
[Result "1/2-1/2"]
[WhiteElo "2557"]
[BlackElo "2534"]

1.d4 d5 2.c4 e6 3.Nc3 Be7 4.Nf3 Nf6 5.Bf4 O-O 6.e3 Nbd7 7.c5 c6 8.Bd3 b6
9.b4 a5 10.a3 Ba6 11.Bxa6 Rxa6 12.b5 cxb5 13.c6 Qc8 14.c7 b4 15.Nb5 bxa3
16.O-O Nh5 17.Qc2 Nxf4 18.exf4 Qb7 19.Ne5 Nc5 20.dxc5 bxc5 21.Rfb1 c4 22.Nd7 Rfa8
23.Qa4 h6 24.h3 Qc8 25.Nb8 Rb6 26.Kh2 Bb4 27.g3 Raxb8 28.cxb8=Q Qxb8 29.Nd4 Bc5
30.Nb5 Bb4 31.Nd4 Bc5 32.Nb5  1/2-1/2

[Event "TCh-SRB 1st League"]
[Site "Vrnjacka Banja SRB"]
[Date "2010.08.30"]
[Round "10"]
[White "Akopian,Vl"]
[Black "Volokitin,And"]
[Result "1/2-1/2"]
[WhiteElo "2691"]
[BlackElo "2661"]

1.d4 Nf6 2.c4 e6 3.Nf3 d5 4.Nc3 Be7 5.Bf4 O-O 6.e3 Nbd7 7.c5 c6 8.Bd3 b6
9.b4 a5 10.a3 Ba6 11.O-O Qc8 12.h3 Qb7 13.Rb1 axb4 14.axb4 Bxd3 15.Qxd3 Ra3
16.Qc2 Rfa8 17.Rfc1 b5 18.Nd2 Bd8 19.Qb2 R3a6 20.Ra1 R8a7 21.Rxa6 Qxa6 22.Qb1 Qa3
23.Rc2 Qa1 24.Ra2 Qxb1+ 25.Ndxb1 Rxa2 26.Nxa2 Ne8 27.Nd2 Bc7 28.Nb3 Bxf4
29.exf4 Nef6 30.Nac1 Ne4 31.Ne2 h5 32.g4 hxg4 33.hxg4 Nef6 34.f3 Nb8 35.Nec1 Kf8
36.Nd3 Ng8 37.Na5 Ne7 38.Kf2 f6 39.Nb7 Ke8 40.Nd6+ Kd7 41.Kg3 Na6 42.Kh4 Ng6+
43.Kg3 Ne7 44.Nb7 Ng6 45.f5 exf5 46.gxf5 Ne7 47.Kg4 Ke8 48.Nd6+ Kf8 49.Kf4 Kg8
50.Kg4 Kh7 51.Kh5 Kg8 52.Kg4 Kh7 53.Ne8 Kh6 54.Kf4 Kh7 55.Kg4 Kh6  1/2-1/2

[Event "7th Open"]
[Site "Kalamaria GRE"]
[Date "2010.09.01"]
[Round "9"]
[White "Drozdovskij,Y"]
[Black "Mastrovasilis,A"]
[Result "1-0"]
[WhiteElo "2624"]
[BlackElo "2539"]

1.d4 d5 2.c4 e6 3.Nf3 Nf6 4.Nc3 Be7 5.Bf4 O-O 6.e3 Nbd7 7.cxd5 Nxd5 8.Nxd5 exd5
9.a3 c5 10.dxc5 Nxc5 11.Be5 Bg4 12.Be2 Ne6 13.h3 Bxf3 14.Bxf3 d4 15.Bxd4 Nxd4
16.Qxd4 Qxd4 17.exd4 Rac8 18.O-O Rc7 19.Rad1 Rd8 20.Rd2 g6 21.Rfd1 Kf8 22.g3 h5
23.h4 Rdc8 24.Kg2 b6 25.Be2 Rc1 26.Rxc1 Rxc1 27.Kf3 Rc6 28.Ke4 Re6+ 29.Kd3 Rd6
30.Kc4 Bf6 31.d5 Ke7 32.Kb5 Rd7 33.Ka6 Kd6 34.Bb5 Re7 35.Bc6 Re1 36.Kxa7 Rb1
37.b4 Rb3 38.Kxb6 Rxa3 39.b5 Bc3 40.Rd1 Bb4 41.Rc1 Bc3 42.Kb7 Rb3 43.Rc2 Bd4
44.Re2 Rb1 45.Re8 Bf6 46.Kc8 Rb2 47.Rf8 Ke7 48.Rd8 Rxf2 49.b6 Rb2 50.Re8+ Kd6
51.b7  1-0

[Event "6th ch-EU"]
[Site "Arvier ITA"]
[Date "2010.09.07"]
[Round "4"]
[White "Suba,M"]
[Black "Marguerettaz,D"]
[Result "1-0"]
[WhiteElo "2464"]
[BlackElo "2116"]

1.Nf3 d5 2.c4 e6 3.d4 Nf6 4.Nc3 Be7 5.Bf4 O-O 6.e3 c5 7.dxc5 dxc4 8.Bxc4 Qxd1+
9.Rxd1 Bxc5 10.O-O a6 11.Bd6 Bxd6 12.Rxd6 b5 13.Bb3 Nbd7 14.Rfd1 Nc5 15.Ne5 Bb7
16.f3 Rfc8 17.e4 Kf8 18.R6d4 Ke7 19.Bc2 Rc7 20.a4 bxa4 21.Bxa4 Nxa4 22.Nxa4 Bc8
23.Rb4 a5 24.Rb6 Nd7 25.Rc6 Rxc6 26.Nxc6+ Kf6 27.f4 g6 28.e5+ Kg7 29.Ne7 Nf8
30.Nb6 Bb7 31.Nxa8 Bxa8 32.Rd8  1-0

[Event "12th Open"]
[Site "Trieste ITA"]
[Date "2010.09.07"]
[Round "5"]
[White "Bogdanovski,V"]
[Black "Mocchi,T"]
[Result "1/2-1/2"]
[WhiteElo "2398"]
[BlackElo "2248"]

1.d4 Nf6 2.Nf3 d5 3.c4 e6 4.Nc3 Be7 5.Bf4 O-O 6.e3 c5 7.cxd5 cxd4 8.d6 Bxd6
9.Bxd6 Qxd6 10.Qxd4 Qxd4 11.Nxd4 Bd7 12.Be2 Nc6 13.Nb3 b6 14.Rc1 Rfd8 15.O-O Be8
16.a3 Kf8 17.Ba6 Ne7 18.Nd4 Nf5 19.Nxf5 exf5 20.Rc2 Bd7 21.Rfc1 Bc8 22.Bxc8 Raxc8
23.Kf1 Nd5 24.Nb5 Rxc2 25.Rxc2 a6 26.Na7 Ke8 27.Ke2 Ne7 28.Nc6 Rc8 29.Nd4 Rxc2+
30.Nxc2 Kd7 31.Kd3 Kd6 32.Nb4 a5 33.Nc2 Kd5 34.Nd4 Kc5 35.f4 Kd5 36.Ne2 Kc5
37.Ng3 g6 38.e4 Kc6 39.exf5 Nxf5 40.Nxf5 gxf5 41.Kd4 Kd6 42.b3 f6 43.h3 h6
44.Kc4 Kc6 45.g4 Kd6 46.gxf5 Kc6 47.a4 Kd6 48.Kb5 Kc7 49.b4 axb4  1/2-1/2

[Event "6th ch-EU"]
[Site "Arvier ITA"]
[Date "2010.09.08"]
[Round "5"]
[White "Vernay,C"]
[Black "Fox,An"]
[Result "1-0"]
[WhiteElo "2460"]
[BlackElo "2130"]

1.d4 d5 2.c4 e6 3.Nc3 Be7 4.Nf3 Nf6 5.Bf4 O-O 6.e3 c5 7.dxc5 Bxc5 8.a3 Nc6
9.Qc2 Qa5 10.O-O-O Be7 11.g4 dxc4 12.Bxc4 e5 13.g5 exf4 14.gxf6 gxf6 15.Rd5 Qc7
16.Rg1+  1-0